LDR 00624naa#a2200169#i#450# 001 EN\\bibl\120262 005 20260416190736.4 011 ## _a1819-4036 100 ## _a20210331b2021####ek#y0engy0150####ca 102 ## _aRU 200 1# _aDIAGNOSTICS OF THE LIFE CONDITION OF PLANTS, REPRESENTED BY THE WINDBREAK FOREST FIELDSIN THE SOUTH OF CENTRAL SIBERIA _eJournal article 210 1# _aKrasnoyarsk _cKrasnoyarsk State Agrarian University _d2021 215 ## _a5 с. 608 ## _aJournal article _2local 675 ## _aЛесное хозяйство. Лесоводство. 630 _z 700 #1 _aMartynova _gMarina Aleksandrovna 856 4# _avestnik.kgau.ru _u